| 000 | 01378nam0a22003011 4500 | ||
|---|---|---|---|
| 001 | rc\2120179 | ||
| 005 | 20250623091221.0 | ||
| 035 | _a(NLR Aleph) 006698045 | ||
| 090 |
_a5214901 _c5214901 |
||
| 100 | _a20110829d1978 |||y0rusy50 ca | ||
| 101 | 0 | _arus | |
| 102 | _aRU | ||
| 105 | _aa z ||||| | ||
| 200 | 1 |
_aРусский язык _eУчеб. пособие для 8-го кл. татар. школы _fН.А. Андрамонова, Г.К. Хамзина, П.Ш. Абдуллина _gПод ред. канд. филол. наук доц. Н.А. Андрамоновой |
|
| 205 | _a4-е изд. | ||
| 210 |
_aКазань _cТатар. кн. изд-во _d1978 |
||
| 215 |
_a160 с., 2 л. цв. ил. _cил. _d22 |
||
| 300 | _aВ вып. дан. авт.: Наталия Алексеевна Андрамонова | ||
| 606 |
_aРусский язык _jУчебники и пособия для нерусских школ _2psbo |
||
| 700 | 1 |
_4340 _7ca _8rus _aАндрамонова _bН. А. _f1930- _gНаталия Алексеевна _9258551 _3RU\NLR\AUTH\770258607 |
|
| 701 | 1 |
_aАбдуллина _bП.Ш. _gПакиза Шакировна |
|
| 701 | 1 |
_aХамзина _bГ.К. _gГульшат Касымовна |
|
| 801 | 0 |
_aRU _bNLR _gpsbo |
|
| 801 | 1 |
_aRU _bELAR _2rusmarc |
|
| 852 |
_aNLR _j77-5/8598 |
||
| 899 |
_aRuMoRGB _jM 77-3/873 |
||
| 942 | _cBOOK | ||
| 980 | _aNB | ||